000 00959cam a2200229 4500
001 ABS65171
008 020311n2002 000 0 eng u
035 _a(Sirsi) u117093
100 _aHeighton, M.
245 _aTurn over the issues
260 _c2002
490 _aEstates Gazette
_v(0209) 2 March 2002, 214-215(2)
520 _aDiscusses the use of turnover rent leases which have increased across sectors in recent years. Describes the factors which need to be considered as part of their lease negotiations including what should be included as turnover and internet sales. Also mentions assignment with considerations of the tenant mix and the restrictions that may apply.
590 _aABS
650 _aTURNOVER RENT LEASES
650 _aLANDLORD AND TENANT
_96252
650 _aINTERNET RETAILING
650 _aASSIGNMENT
650 _aLANDLORD AND TENANT COVENANTS ACT 1995
690 _aLANDLORD AND TENANT-RENT REVIEWS
942 _n0
999 _c69760
_d69760